Behavioural research in appraisal and some perspectives on implications for practice (Record no. 102278)
[ view plain ]
| 000 -LEADER | |
|---|---|
| fixed length control field | 00807cam a2200217 4500 |
| 001 - CONTROL NUMBER | |
| control field | RS0302 |
| 008 - FIXED-LENGTH DATA ELEMENTS--GENERAL INFORMATION | |
| fixed length control field | 020808n2002 000 0 eng u |
| 020 ## - INTERNATIONAL STANDARD BOOK NUMBER | |
| International Standard Book Number | 1842191047 |
| 035 ## - SYSTEM CONTROL NUMBER | |
| System control number | (Sirsi) u119270 |
| 050 ## - LIBRARY OF CONGRESS CALL NUMBER | |
| Classification number | 333.332 |
| 100 ## - MAIN ENTRY--PERSONAL NAME | |
| Personal name | Diaz, J. |
| 245 ## - TITLE STATEMENT | |
| Title | Behavioural research in appraisal and some perspectives on implications for practice |
| 260 ## - PUBLICATION, DISTRIBUTION, ETC. | |
| Place of publication, distribution, etc. | London |
| Name of publisher, distributor, etc. | RICS Foundation |
| Date of publication, distribution, etc. | 2002 |
| 300 ## - PHYSICAL DESCRIPTION | |
| Extent | 14p. |
| Dimensions | 30cm. |
| 490 ## - SERIES STATEMENT | |
| Series statement | RICS Foundation Research Review Series |
| 520 ## - SUMMARY, ETC. | |
| Summary, etc. | Reviews the findings of behavioural research under the following themes: overall methods of valuation; comparable sales selection; biases and heuristics; feedback and client influences. |
| 650 ## - SUBJECT ADDED ENTRY--TOPICAL TERM | |
| Topical term or geographic name entry element | APPRAISAL |
| 650 ## - SUBJECT ADDED ENTRY--TOPICAL TERM | |
| Topical term or geographic name entry element | BEHAVIOURAL ASPECTS |
| 690 ## - LOCAL SUBJECT ADDED ENTRY--TOPICAL TERM (OCLC, RLIN) | |
| Topical term or geographic name as entry element | PROPERTY-PROPERTY APPRAISAL AND VALUATION |
| 942 ## - ADDED ENTRY ELEMENTS (KOHA) | |
| Suppress in OPAC | 0 |
| Withdrawn status | Lost status | Source of classification or shelving scheme | Damaged status | Not for loan | Home library | Current library | Shelving location | Date acquired | Total Checkouts | Full call number | Barcode | Date last seen | Copy number | Price effective from | Koha item type |
|---|---|---|---|---|---|---|---|---|---|---|---|---|---|---|---|
| Dewey Decimal Classification | London | London | RICS Boxes | 08/08/2002 | RICS 2002/30 | 30066389 | 06/08/2019 | 1 | 06/08/2019 | Archive | |||||
| Dewey Decimal Classification | London | London | RICS Boxes | 08/08/2002 | RICS 2002/30 | 30066392 | 06/08/2019 | 2 | 06/08/2019 | Reference material | |||||
| Dewey Decimal Classification | London | London | RICS Boxes | 08/08/2002 | RICS 2002/30 | 30066390 | 06/08/2019 | 4 | 06/08/2019 | Book |